|
|
|
|
| LEADER |
01520nam a2200469 a 4500 |
| 001 |
nkc20061701164 |
| 003 |
CZ PrNK |
| 005 |
20080423151045.0 |
| 007 |
ta |
| 008 |
061207s2006 xr achff 001 0bcze |
| 015 |
|
|
|a cnb001701164
|
| 020 |
|
|
|a 80-86600-37-8
|q (váz.)
|
| 035 |
|
|
|a (OCoLC)85724534
|
| 040 |
|
|
|a ABA001
|b cze
|
| 043 |
|
|
|a e-gx---
|
| 045 |
|
|
|a w1w3
|
| 072 |
|
7 |
|a 929
|x Biografie
|2 Konspekt
|9 8
|
| 080 |
|
|
|a 929
|2 MRF
|
| 080 |
|
|
|a 001.94
|2 MRF
|
| 080 |
|
|
|a (430)
|2 MRF
|
| 080 |
|
|
|a (048.8)
|2 MRF
|
| 100 |
1 |
|
|a Hradil, Radomil,
|d 1967-
|7 xx0002864
|4 aut
|
| 245 |
1 |
0 |
|a Jmenuji se, nakolik je mi známo, Kaspar Hauser /
|c Radomil Hradil
|
| 246 |
3 |
0 |
|a Kaspar Hauser
|
| 250 |
|
|
|a Vyd. 1.
|
| 260 |
|
|
|a Hranice :
|b Fabula,
|c 2006
|
| 300 |
|
|
|a 204 s. :
|b il. (některé barev.), portréty, faksim. ;
|c 22 cm
|
| 500 |
|
|
|a 1000 výt.
|
| 504 |
|
|
|a Obsahuje bibliografii, bibliografické odkazy a rejstřík
|
| 600 |
1 |
7 |
|a Hauser, Kaspar,
|d 1812-1833
|7 jn20010525155
|2 czenas
|
| 648 |
|
7 |
|a 19. století
|7 ch460557
|2 czenas
|
| 650 |
0 |
7 |
|a osobnosti
|7 ph115615
|z Německo
|y 19. stol.
|2 czenas
|
| 650 |
0 |
7 |
|a záhady
|7 ph127721
|2 czenas
|
| 650 |
0 |
9 |
|a celebrities
|z Germany
|y 19th century
|2 eczenas
|
| 650 |
0 |
9 |
|a mysteries
|2 eczenas
|
| 655 |
|
7 |
|a monografie
|7 fd132842
|2 czenas
|
| 655 |
|
9 |
|a monographs
|2 eczenas
|
| 910 |
2 |
|
|a BOA001
|b 2-1195.839
|
| 990 |
|
|
|a BK
|
| 995 |
|
|
|a 01
|
| 991 |
|
|
|b 200801
|c NOV
|
| 996 |
6 |
|
|b 2610328114
|c 2-1195.839
|l MZK
|r Sklad / do 1 hodiny
|n 2
|p p.v.
|w 000879816
|u 000010
|a 1
|e BOA001
|j MZK50
|s P
|